[Event "Dortmund Sparkassen op-B"]
[Site "Dortmund"]
[Date "2013.07.27"]
[Round "1"]
[White "Bieberle, Gerhart"]
[Black "Geerling, Anton"]
[Result "1-0"]
[WhiteElo "1924"]
[BlackElo "1494"]
[PlyCount "153"]
[EventDate "2013.07.27"]
[EventType "swiss"]
[EventRounds "9"]
[EventCountry "GER"]
[SourceTitle "EXT 2022"]
[Source "ChessBase"]
[SourceDate "2021.10.06"]
[SourceVersion "1"]
[SourceVersionDate "2021.10.06"]
[SourceQuality "1"]

1. Nf3 Nf6 2. d4 g6 3. c4 d5 4. cxd5 Nxd5 5. e4 Nb6 6. Nc3 Bg7 7. h3 0-0 8. Bf4 Re8 9. Nb5 Na6 10. e5 c6 11. Nc3 Nc7 12. g4 Be6 13. Be2 Ncd5 14. Bg3 Qc7 15. Ne4 Nd7 16. Nfg5 Qa5+ 17. Qd2 Qxd2+ 18. Kxd2 Bh6 19. Kd1 Bxg5 20. Nxg5 Nf8 21. a3 h6 22. Nf3 Red8 23. Rc1 Rd7 24. Kc2 Nb6 25. Rhd1 Bd5 26. Bf4 Kg7 27. Kb1 Ne6 28. Be3 Rad8 29. Nd2 g5 30. f3 Rf8 31. Bd3 f6 32. Bf5 fxe5 33. dxe5 Rfd8 34. Bc2 Nf8 35. Ka1 Ng6 36. Re1 e6 37. Bxg6 Kxg6 38. Bc5 Rf7 39. Re3 Nc8 40. Bb4 h5 41. gxh5+ Kxh5 42. Ne4 Bxe4 43. fxe4 Rf4 44. Rce1 b6 45. Kb1 c5 46. Bc3 b5 47. Kc2 Ne7 48. Rg1 Nc6 49. Reg3 Rf2+ 50. Kc1 Rg8 51. Rg4 Nd4 52. Bxd4 cxd4 53. h4 Rc8+ 54. Kd1 Rf1+ 55. Rxf1 Kxg4 56. hxg5 Kxg5 57. Kd2 Rc4 58. Kd3 a5 59. Rf6 Rc6 60. Kxd4 Rc4+ 61. Kd3 Rc6 62. Rf8 Rc5 63. Kd4 Rc4+ 64. Ke3 Rc5 65. Rg8+ Kh6 66. Kf4 Rc2 67. Re8 Rc6 68. Rb8 b4 69. axb4 axb4 70. Rxb4 Kg7 71. Rb7+ Kg6 72. b4 Rc1 73. Ke3 Rc6 74. b5 Rc5 75. Kd4 Rc8 76. Re7 Rb8 77. Kc5 1-0

[Event "Cologne Longerich op-A 10th"]
[Site "Cologne"]
[Date "2013.07.19"]
[Round "1"]
[White "Beck, Gerald"]
[Black "Bieberle, Gerhart"]
[Result "1-0"]
[WhiteElo "2079"]
[BlackElo "1924"]
[PlyCount "91"]
[EventDate "2013.07.19"]
[EventType "tourn"]
[EventRounds "5"]
[EventCountry "GER"]
[SourceTitle "EXT 2017"]
[Source "ChessBase"]
[SourceDate "2016.10.25"]
[SourceVersion "1"]
[SourceVersionDate "2016.10.25"]
[SourceQuality "1"]

1. c4 b6 2. Nc3 g6 3. e4 Bg7 4. Nge2 e5 5. g3 Ne7 6. Bg2 Nbc6 7. 0-0 0-0 8. d3 d6 9. Be3 Bg4 10. f3 Bd7 11. d4 exd4 12. Nxd4 Rb8 13. f4 Nxd4 14. Bxd4 Qc8 15. Bxg7 Kxg7 16. Qd4+ Kg8 17. Nd5 Nxd5 18. cxd5 Bh3 19. Bxh3 Qxh3 20. Rac1 Rbc8 21. Rc4 Rfe8 22. Rfc1 Qd7 23. Kg2 h5 24. h3 Qe7 25. Re1 f6 26. Rc3 Qg7 27. g4 f5 28. Qxg7+ Kxg7 29. e5 hxg4 30. hxg4 fxg4 31. Kg3 dxe5 32. fxe5 Red8 33. Rd3 Kf7 34. Kxg4 Ke7 35. Rh1 Rh8 36. Rdh3 Rxh3 37. Rxh3 Re8 38. Kg5 Rf8 39. Rh7+ Kd8 40. Kxg6 Rf2 41. Rf7 Rxb2 42. Kf5 Rh2 43. Rf8+ Kd7 44. e6+ Kd6 45. Rd8+ Kc5 46. e7 1-0

[Event "Maastricht Limburg op-B 7th"]
[Site "Maastricht"]
[Date "2013.05.20"]
[Round "6"]
[White "Bieberle, Gerhart"]
[Black "De Kleuver, Jonathan"]
[Result "1/2-1/2"]
[WhiteElo "1895"]
[BlackElo "1923"]
[PlyCount "114"]
[EventDate "2013.05.17"]
[EventType "swiss"]
[EventRounds "7"]
[EventCountry "NED"]
[SourceTitle "EXT 2014"]
[Source "ChessBase"]
[SourceDate "2013.11.20"]
[SourceVersion "1"]
[SourceVersionDate "2013.11.20"]
[SourceQuality "1"]

1. Nf3 g6 2. d4 Bg7 3. c4 Nf6 4. Nc3 0-0 5. e4 c5 6. d5 d6 7. Be2 Nbd7 8. 0-0 Nb6 9. h3 Nfd7 10. Bf4 Ne5 11. Nxe5 dxe5 12. Be3 Nd7 13. g4 b6 14. Kh2 Re8 15. Qd2 e6 16. Rg1 exd5 17. cxd5 Qh4 18. Raf1 h6 19. Rg3 Nf6 20. Rfg1 Nh7 21. f3 Ng5 22. Kg2 Bd7 23. Rh1 Nh7 24. Bb5 Qd8 25. Bxd7 Qxd7 26. Bxh6 b5 27. Bxg7 Kxg7 28. h4 b4 29. Nd1 Qa4 30. b3 Qb5 31. Ne3 a5 32. Kh3 a4 33. Rg2 axb3 34. axb3 Rh8 35. g5 Qd7+ 36. Ng4 Ra3 37. Rb1 c4 38. Kg3 c3 39. Qe3 Qd6 40. f4 exf4+ 41. Qxf4 Qxf4+ 42. Kxf4 Rha8 43. Ne5 Ra2 44. Rxa2 Rxa2 45. Nc6 Rb2 46. Rc1 Rxb3 47. Ke5 Rb2 48. Kd4 c2 49. Na5 b3 50. Kc3 Rb1 51. Nxb3 Rxc1 52. Nxc1 f6 53. Kxc2 fxg5 54. hxg5 Nxg5 55. Kd3 Kf6 56. Ne2 Ke5 57. Nc3 Nxe4 1/2-1/2